Helena - Capuche - Statistiques

Statistiques générales
  • Ce quiz a été pris 344 fois
  • Le résultat moyen est 393 sur 460
Statistiques - réponses
Réponse % Correct
à
99%
a
99%
A
99%
ca
99%
ça
99%
capuche
99%
ma
98%
ta
98%
ce
97%
me
97%
la
96%
96%
pas
96%
qui
96%
te
96%
Marche
95%
marche
95%
c'est
94%
le
94%
en
92%
je
92%
les
92%
moi
92%
ou
92%
92%
pour
92%
est
91%
et
91%
Pourquoi
91%
pourquoi
91%
sac
91%
se
91%
s'en
91%
cul
90%
de
90%
filles
90%
que
90%
ton
90%
bien
89%
Bien
89%
il
89%
nuit
89%
regarde
89%
un
89%
cache
88%
même
88%
quand
88%
film
87%
Helena
87%
mets
87%
presse
87%
reconnu
87%
star
87%
dans
86%
droit
86%
elle
86%
emmerde
86%
mais
86%
on
86%
parle
86%
sous
86%
tu
86%
une
85%
des
84%
été
84%
juste
84%
qu'il
84%
t'ai
84%
toi
84%
chez
83%
elles
83%
rentrer
83%
sans
83%
tape
83%
tête
83%
vu
83%
écrit
82%
ecrit
82%
fait
82%
j'ai
82%
marchent
82%
Star Ac
82%
villes
82%
j'veux
81%
plus
81%
t'arrêter
80%
t'es
80%
parlent
79%
peur
79%
répondeurs
79%
tard
79%
t'cache
79%
mes
78%
dit
77%
jolie
77%
photo
77%
vrai
77%
arrêté
76%
j'parle
75%
t' appelles
75%
truc
75%
s'il
74%
toujours
74%
veux
74%
y'a
74%
cachée
72%
changé
72%
gars
72%
grave
72%
qu'on
72%
fiche
70%
trois
70%
c'mec
69%
étoiles
69%
ne
69%
sont
69%
sûr
69%
sympa
69%
yeux
69%
bague
68%
dimanche
68%
gens
68%
aille
67%
feras
67%
haut
67%
m'dit
67%
moins
67%
oeil
67%
reconnue
67%
seras
67%
l'amour
66%
selfie
66%
blagues
65%
clés
65%
j'lui
65%
mêmes
65%
refuse
65%
t'aimes
65%
d'une
64%
mon
64%
casque
63%
comment
63%
cachera
62%
j'trouve
62%
devant
61%
capuches
60%
m'prends
60%
vas-y
60%
bas
58%
copines
58%
TT
58%
finira
57%
parler
56%
bras
54%
j'meriterais
54%
j'regarde
54%
marchera
53%
regardes
53%
dérriére
50%
derriére
50%
l'appart
48%
s'promet
47%
oreilles
43%
j'bouche
42%
lui
39%
Aucun quiz correspondant
Distribution des résultats
% des personnes avec chaque résultat
Percentile par nombre de réponses
Votre historique - résultats
Vous n’avez pas pris ce quiz